| 000 | 00639nam a2200217 a 4500 | ||
|---|---|---|---|
| 001 | 3632 | ||
| 003 | CO-ViMGA | ||
| 008 | 141112s2004 ck r 000 u spa d | ||
| 040 |
_aCO-ViMGA _bspa _cCO-ViMGA |
||
| 082 | 0 | 4 | _a649.1 B655 |
| 100 | 1 |
_aBonnet, Monique _953602 |
|
| 245 | 1 | 0 |
_aPaternidad moderna : _bcómo seguir y estimular los progresos en el niño / _cBonnet Monique , Bonnet Gerard |
| 250 | _a3a | ||
| 260 |
_aBarcelona : _bGedisa, _c1993 |
||
| 300 | _a265 p | ||
| 650 | 1 | 4 |
_aBonnet, Gerard _953603 |
| 650 | 1 | 4 |
_aNIÑEZ _953604 |
| 650 | 1 | 4 |
_aNIÑOS - CUIDADO E HIGIENE _98073 |
| 650 | 1 | 4 |
_aPATERNIDAD _953605 |
| 942 |
_2ddc _cBK |
||
| 999 |
_c15670 _d15670 |
||